Central Library OPAC University of Rajshahi

Hermodsson's Roentgenological studies of traumatic and recurrent anterior and inferior dislocations of the shoulder joint / (Record no. 73179)

MARC details
000 -LEADER
fixed length control field 00778nam a2200229 a 4500
001 - CONTROL NUMBER
control field 73179
003 - CONTROL NUMBER IDENTIFIER
rucl marc code BD-RjUL
005 - DATE AND TIME OF LATEST TRANSACTION
control field 20211209082346.0
008 - FIXED-LENGTH DATA ELEMENTS--GENERAL INFORMATION
fixed length control field 170528s1963 mona|||| |||| 000 0 eng d
035 ## - SYSTEM CONTROL NUMBER
System control number (BD-RjUL)73397
040 ## - CATALOGING SOURCE
Original cataloging agency BD-RjUL
Language of cataloging eng
Transcribing agency BD-RjUL
Modifying agency BD-RjUL
041 ## - LANGUAGE CODE
Language code of text/sound track or separate title eng
082 ## - DEWEY DECIMAL CLASSIFICATION NUMBER
Edition number 23
Classification number 617.16
Author mark and year HER 1963
100 10 - MAIN ENTRY--PERSONAL NAME
Personal name Hermodsson, Ivan
9 (RLIN) 216466
245 1# - TITLE STATEMENT
Title Hermodsson's Roentgenological studies of traumatic and recurrent anterior and inferior dislocations of the shoulder joint /
Statement of responsibility, etc. Ivan Hermodsson; B Overgaard; H F Moseley
260 ## - PUBLICATION, DISTRIBUTION, ETC. (IMPRINT)
Place of publication, distribution, etc. Monteral :
Name of publisher, distributor, etc. McGill University Press,
Date of publication, distribution, etc. 1963
300 ## - PHYSICAL DESCRIPTION
Pagination vii, 151 p. :
Illustrations ill. ;
Size 36 cm.
650 ## - SUBJECT ADDED ENTRY--TOPICAL TERM
Topical term or geographic name as entry element Dislocations
9 (RLIN) 216467
700 ## - ADDED ENTRY--PERSONAL NAME
Personal name Moseley, H F
Personal name Overgaard, B
942 ## - ADDED ENTRY ELEMENTS (KOHA)
Source of classification or shelving scheme Dewey Decimal Classification
Koha item type Books
Holdings
Lost status Source of classification or shelving scheme Damaged status Not for loan Collection code Permanent Location Current Location Shelving location Date acquired Source of acquisition Cost, normal purchase price Total Checkouts Full call number Date last seen Copy number Koha item type
  Dewey Decimal Classification   Not For Loan Non-fiction Central Library, University of Rajshahi Central Library, University of Rajshahi Reading Room 17/06/1967 Asia Foundation 0.00   617.16 HER 1963 28/05/2017 C-1 Books